000 01638cam a2200301 4500
001 ABS68384
008 041018n2004 000 0 eng u
035 _a(Sirsi) u127737
245 _aHousing market renewal areas
260 _c2004
490 _aUrban Design Quarterly
_v(92) Autumn 2004, 16-35 (20)
520 _aSeven articles focusing on the housing market renewal areas. In "Promoting design quality" CABE's Paul Lavelle outlines the work of the Design Task Group. In "The housing market renewal area pathfinder programme" Martin Crookston reviews the programme's origins and objectives and the role of urban design. Peter O'Brien highlights in "Transforming South Yorkshire" the issues arising in this pathfinder area and Michael Crilly looks at ongoing initiatives on Tyneside in "Newcastle Gateshead pathfinder". Richard Cass underlines the importance of landscape strategy in "The landscape contribution to the housing market renewal process" and Jim Chapman draws conclusions from EDAW's experience in "The housing market renewal process". Concludes with Jim Cox's description of Taylor Young's experience in Birmingham, Sandwell and Hull "Sustainable communities and area development frameworks".
590 _aABS
590 _aABS
650 _aSOUTH YORKSHIRE
650 _aURBAN RENEWAL
650 _aBIRMINGHAM
650 _aHULL
650 _aLANDSCAPE STRATEGY
650 _aGATESHEAD
650 _aPATHFINDER SCHEMES
650 _aDESIGN QUALITY
650 _aDESIGN TASK GROUP
650 _aURBAN DESIGN
650 _aHOUSING MARKET RENEWAL FUND
690 _aREGENERATION
942 _n0
999 _c118183
_d118183